000 00537nam a2200193Ia 4500
005 20250423100236.0
008 250422s9999 xx 000 0 und d
020 _a9781138503519
050 _aHD 1387 .S53/
100 _aShapiro, Eric ... [et al.].
245 0 _aModern methods of valuation
250 _a12th ed.
260 _aNew York
260 _bRoutledge taylor & francis group
260 _c2019
300 _a549 p
650 _a Real property--Valuation--Great Britain. Real property--Great Britain.
942 _cBK
999 _c32709
_d32709